Principios y técnicas de la orientación educacional: teoría y práctica 1 curso modular
Salvato in:
| Autore principale: | |
|---|---|
| Natura: | Libro |
| Lingua: | spagnolo |
| Pubblicazione: |
Antofagasta
Universidad del Norte
1984
|
| Serie: | Programa Orientación Educacional
|
| Soggetti: | |
| Tags: |
Aggiungi Tag
Nessun Tag, puoi essere il primo ad aggiungerne!!
|
MARC
| LEADER | 00000nam a2200000 a 4500 | ||
|---|---|---|---|
| 001 | UCW4501 | ||
| 003 | CL-VaPUC | ||
| 008 | 900423e19840000CL |||||||||||||||||spa|d | ||
| 082 | 0 | 4 | |a 371.42 |b PIZ |2 21 |
| 100 | 0 | |a Pizarro Castro, Tito L |e author |9 309267 | |
| 245 | 1 | 0 | |a Principios y técnicas de la orientación educacional: teoría y práctica 1 curso modular |
| 300 | |a 357 p | ||
| 942 | |c BK | ||
| 945 | |d 19900423 00:00:00 | ||
| 260 | |a Antofagasta |b Universidad del Norte |c 1984 | ||
| 650 | 7 | |a ORIENTACION ESTUDIANTIL |2 CL-VaPUC |9 309268 | |
| 583 | |a last modification |c 19900423 00:00:00 |k Rodrigo Vera | ||
| 490 | 0 | |a Programa Orientación Educacional | |
| 999 | |c 218224 |d 218222 | ||
| 952 | |0 0 |1 0 |4 0 |6 371_420000000000000_PIZ_1984 |7 0 |8 P |9 207351 |a BIBEDU |b BIBEDU |c BIBEDU_PB |d 2019-11-15 |i 2751305 |o 371.42 PIZ 1984 |p 2751305 |r 2024-01-25 |w 2019-11-15 |y BK |k EDU | ||
| 952 | |0 0 |1 0 |4 0 |6 371_420000000000000_PIZ_1984 |7 0 |8 P |9 207352 |a BIBEDU |b BIBEDU |c BIBEDU_PB |d 2019-11-15 |i 4031881 |o 371.42 PIZ 1984 |p 4031881 |r 2024-01-25 |w 2019-11-15 |y BK |k BME | ||